Países da Europa - Statistics

Estatísticas Gerais
  • Esse quiz foi jogado 36 vezes
  • A pontuação média é 29 de 44
Respostas no mapa
Respostas codificadas por cores de uma escala verde-vermelha no mapa do quiz de acordo com a % correta abaixo.
 
Estatísticas das Respostas
Resposta % Correto
Alemanha
91%
França
83%
Belgica
78%
Dinamarca
78%
Noruega
78%
Paises baixos
78%
Bielorrusia
74%
Polónia
74%
Portugal
74%
Albania
70%
Andorra
70%
Luxemburgo
70%
Malta
70%
Reino unido
70%
Russia
70%
Suecia
70%
Austria
65%
Bulgaria
65%
Espanha
65%
Finlandia
65%
Grécia
65%
Hungria
65%
Irlanda
65%
Islandia
65%
Italia
65%
Kosovo
65%
Liechtenstein
65%
Macedonia
65%
Moldávia
65%
Roménia
65%
San Marino
65%
Suiça
65%
Vaticano
65%
Bósnia e Herzegovina
61%
Croacia
61%
Eslovenia
61%
Estonia
61%
Letonia
61%
Ucrânia
61%
Hungria
57%
Lituania
57%
Montenegro
57%
Eslovaquia
52%
Servia
52%
Nenhum quiz correspondente encontrado
Distribuição das Pontuações
Porcentagem de Pessoas com Cada Pontuação
Percentil de Números Respondidos
Sua Pontuação Histórica
Você não jogou esse quiz